| 000 | 00822nam a22002897a 4500 | ||
|---|---|---|---|
| 001 | BR8403686 | ||
| 003 | BR-BrBNA | ||
| 005 | 20230928091956.0 | ||
| 007 | ta | ||
| 008 | 230509b bl.||||| |||| 00| 0 por d | ||
| 040 |
_aBR-BrBNA _bpor _cBiblioteca Nacional de Agricultura |
||
| 041 | _a(Por) | ||
| 072 |
_aA50 _b2110 |
||
| 090 | _ 2110 BR8403686 | ||
| 100 | 1 | _aSilva, L.F. | |
| 110 | 1 |
_aComissao Executiva do Plano da Lavoura Cacaueira, Belem, PA (Brasil). Depto. Especial da Amazonia _92095 |
|
| 245 | 1 | _aA responsabilidade social da pesquisa agricola [cacau] | |
| 260 | 3 |
_aBelem, PA (Brasil): _c1984. |
|
| 300 | _a13 p. | ||
| 500 | _a7 ref. | ||
| 650 | _aPESQUISA AGRICOLA | ||
| 650 | _aCACAU | ||
| 650 | _aTECNOLOGIA AGRICOLA | ||
| 650 | _aPARA | ||
| 909 |
_a202309 _bLucia _c55 _dLucia Elande |
||
| 942 | _cBK | ||
| 999 |
_c36506 _d36506 |
||